| 000 | 00847nam#a22002895a#4500 | ||
|---|---|---|---|
| 001 | 686 | ||
| 008 | 080415s2005####ag#a###d#f####||1#0#spa#d | ||
| 245 | 1 | 0 |
_aEl origen y la evolución del hombre / _cElsa Meinardi y Andrea Revel Chión. |
| 250 | _a1ª ed. | ||
| 260 |
_aBuenos Aires : _bAique, _c2005. |
||
| 300 |
_a28 p. + _eSuplemento del libro de Biología (368 p.) : _bil. ; _c24 cm. |
||
| 020 | _a9507016112 | ||
| 100 | 1 | _aMeinardi, Elsa. | |
| 700 | 1 | _aRevel Chión, Elsa. | |
| 080 | _a572.4 | ||
| 084 | _aM38 | ||
| 653 | _aEvolución del hombre | ||
| 653 | _aRazzas humanas y racismo | ||
| 653 | _aEvolución cultural | ||
| 653 | _aPrimeros pobladores de América | ||
| 653 | _aProceso de hominización | ||
| 653 | _aTeoría de Darwin | ||
| 040 |
_aAR-ClEAG _cAR-ClEAG |
||
| 005 | 20241107184643.0 | ||
| 003 | AR-ClEAG | ||
| 942 | _cBK | ||
| 999 |
_c686 _d686 |
||
| 980 |
_62 _aEvangelina Gallicchio _82 _gEvangelina Gallicchio |
||